logo

Bir Sreshtho Munshi Abdur Rouf Library
Jhenaidah Cadet College

The 48 Laws of Power / (Record no. 14097)

MARC details
000 -LEADER
fixed length control field 00576nam a2200229 a 4500
001 - CONTROL NUMBER
JCCL Control Number 14097
003 - CONTROL NUMBER IDENTIFIER
JCCL marc code BD-JhCC
005 - DATE AND TIME OF LATEST TRANSACTION
control field 20241208132754.0
008 - FIXED-LENGTH DATA ELEMENTS--GENERAL INFORMATION
fixed length control field 241208b19982006enk |||| ||a| 001 0 eng d
020 ## - INTERNATIONAL STANDARD BOOK NUMBER
International Standard Book Number 9781861962781
035 ## - SYSTEM CONTROL NUMBER
system control number (BD-JhCC)14097
040 ## - CATALOGING SOURCE
Original cataloging agency BD-JhCC
Modifying agency BD-JhCC
041 ## - LANGUAGE CODE
Language code of Book english
082 ## - DEWEY DECIMAL CLASSIFICATION NUMBER
Classification number 158.1
Author mark and Year GRE 2006
100 ## - MAIN ENTRY--PERSONAL NAME
Personal name Greene,Robert
245 ## - TITLE STATEMENT
Title The 48 Laws of Power /
Statement of responsibility, etc Robert Greene.
260 ## - PUBLICATION, DISTRIBUTION, ETC. (IMPRINT)
Place of publication, distribution, etc England:
Name of publisher, distributor, etc Profile books;
Date of publication, distribution, etc 2006.
300 ## - PHYSICAL DESCRIPTION
Pagination 452 p. :
Dimensions 24 cm
651 ## - SUBJECT ADDED ENTRY--GEOGRAPHIC NAME
Geographic name Self-help and meditation
942 ## - ADDED ENTRY ELEMENTS (KOHA)
Source of classification or shelving scheme Dewey Decimal Classification
Koha item type Books
Holdings
Source of classification or shelving scheme Damaged status Not for loan Home library Current library Shelving location Date of accession Source of acquisition Cost, normal purchase price Total Checkouts Full call number Barcode Checked out Date last seen Date checked out Copy number Method of acquisition Koha item type Currency
Dewey Decimal Classification     JCC Rouf Library JCC Rouf Library General Stacks   With the compliments of Maj (Retd) Syed Sakhawat Hussain,07/0388/K 2000.00 7 158.1 GRE 2006 19775 02/11/2026 01/18/2026 01/18/2026 C-1 Gift/Donation Books BDT

JCC Library | Contacts | JCC Home

Last Update on 23 September 2017
Copyright @ 2017-2020 JCC Rouf Library
Rouf Library, Jhenidah Cadet College (JCC), Bangladesh